| 000 | 00680nam a2200241Ia 4500 | ||
|---|---|---|---|
| 003 | OSt | ||
| 005 | 20220918220652.0 | ||
| 006 | a|||||r|||| 00| 0 | ||
| 007 | ta | ||
| 008 | 220917b |||||||| |||| 00| 0 eng d | ||
| 024 | _a146,734 | ||
| 037 | _cTextual | ||
| 040 |
_aARTS _cARTS _beng |
||
| 041 |
_2eng _aeng |
||
| 082 | _aY49(U42):1:5, M2 | ||
| 245 | 0 |
_aLiving in two cultures _b The socio-cultural situtation of migrant workers and their families |
|
| 260 |
_aParis _bUnesco _c1982 |
||
| 300 |
_a325p. tables _ccm. |
||
| 500 | _aIncludes Bibliography | ||
| 650 | _aSOCIOLOGY | ||
| 942 |
_hY49(U42):1:5, M2 _cTEXL _2CC |
||
| 999 |
_c269490 _d269490 |
||